Atlas básico de exploraciones y descubrimientos
Guardat en:
| Autor principal: | |
|---|---|
| Format: | Llibre |
| Idioma: | espanyol |
| Publicat: |
Barcelona
Parramón Ediciones S. A
2010
|
| Edició: | 5a. ed |
| Matèries: | |
| Etiquetes: |
Afegir etiqueta
Sense etiquetes, Sigues el primer a etiquetar aquest registre!
|
MARC
| LEADER | 00000cam a2200000 a 4500 | ||
|---|---|---|---|
| 001 | UCF9878 | ||
| 003 | CL-VaPUC | ||
| 008 | 131220e20100100sp |||||||||||||||||spa|d | ||
| 020 | |a 9788434228191 | ||
| 082 | 0 | 4 | |a 910 |b GAS |2 21 |
| 100 | 0 | |a Gassós, Dolors |e author |9 572323 | |
| 245 | 1 | 0 | |a Atlas básico de exploraciones y descubrimientos |
| 250 | |a 5a. ed | ||
| 300 | |a 96 p | ||
| 942 | |c BK | ||
| 945 | |d 20131220 10:31:00 |a dcastane | ||
| 260 | |a Barcelona |b Parramón Ediciones S. A |c 2010 | ||
| 650 | 0 | |a Viajes y exploraciones |9 480879 | |
| 650 | 7 | |a DESCUBRIMIENTOS |2 CL-VaPUC |9 319676 | |
| 583 | |a last modification |c 20131220 10:31:00 |k Rodrigo Vera | ||
| 999 | |c 354262 |d 354260 | ||